Principles of Power System / (Record no. 13927)

MARC details
000 -LEADER
fixed length control field 00641nam a2200229 a 4500
020 ## - INTERNATIONAL STANDARD BOOK NUMBER
ISBN 8121924960 (paperback)
020 ## - INTERNATIONAL STANDARD BOOK NUMBER
ISBN 9788121924962 (paperback)
100 1# - MAIN ENTRY--AUTHOR NAME
Personal name Mehta, V. K.
245 10 - TITLE STATEMENT
Title Principles of Power System /
250 ## - EDITION STATEMENT
Edition statement 3rd ed.
260 ## - PUBLICATION, DISTRIBUTION, ETC. (IMPRINT)
Place of publication [S.l.] :
Name of publisher S Chand & Co Ltd,
Year of publication 2005.
300 ## - PHYSICAL DESCRIPTION
Number of Pages 608 p. ;
650 ## - SUBJECT ADDED ENTRY--TOPICAL TERM
Topical Term Power System
650 ## - SUBJECT ADDED ENTRY--TOPICAL TERM
Topical Term Power Resources
650 ## - SUBJECT ADDED ENTRY--TOPICAL TERM
Topical Term Electric Power Systems
650 ## - SUBJECT ADDED ENTRY--TOPICAL TERM
Topical Term Electric power transmission
650 ## - SUBJECT ADDED ENTRY--TOPICAL TERM
Topical Term Protection
650 ## - SUBJECT ADDED ENTRY--TOPICAL TERM
Topical Term Hydrothermal electric power systems
700 1# - ADDED ENTRY--PERSONAL NAME
Personal name Mehta, Rohit.
856 40 - ELECTRONIC LOCATION AND ACCESS
Uniform Resource Identifier http://10.10.170.122:8080/browse/book/1972
942 ## - ADDED ENTRY ELEMENTS (KOHA)
Koha item type Books
Holdings
Withdrawn status Lost status Home library Current library Date acquired Cost, normal purchase price Full call number Accession Number Koha item type
  Lost and Paid For Central Library, QUEST, Nawabshah Central Library, QUEST, Nawabshah 02/09/2015 85.00 621.319MEH 11390 Books
    Central Library, QUEST, Nawabshah Central Library, QUEST, Nawabshah 02/09/2015 85.00 621.319MEH 11391 Books
    Central Library, QUEST, Nawabshah Central Library, QUEST, Nawabshah 02/09/2015 85.00 621.319MEH 11392 Books